02046nab a2200241uuc4500001000800000005001700008008004100025035001200066035002100078040001300099041000800112100005000120245015500170520111600325650003601441650004901477650003501526700005501561700004501616773011401661942001001775999001901785126747420240202103100.0111212e20110701 spa  a1267474 a(OCoLC)820621770 ccomduadb aspa10aCorrea Cely, Carlos Rodrigo4auteaut962096810aUso de algoritmos metaheurísticos híbridos para la minimización de entropía en problemas de transferencia de calor en circuitos electrónicos3 aEste artículo presenta el desarrollo y la aplicación de un algoritmo metaheurístico híbrido, enjambre de partículas + simplex (PSO + SX), para evaluar su comportamiento en la solución de problemas de transferencia de calor en circuitos electrónicos. Se utilizó el criterio de mínima generación de entropía en la obtención de la función objetivo, requerido para el diseño óptimo del dispositivo de enfriamiento. En el contraste de su validez, se utilizaron resultados tomados de la literatura reciente, obtenidos mediante técnicas de optimización determinísticas. Se lograron reproducir los resultados con menor costo computacional (derivado de una programación más sencilla), lo que permite al diseñador concentrarse más en el problema térmico que en la estrategia de solución numérica. El método propuesto es más ventajoso que el método de los multiplicadores de Lagrange, por cuanto no requiere condiciones iniciales cercanas a la solución óptima para asegurar convergencia y precisión, lo que facilita su aplicación a problemas de la vida real. aAlgoritmos heurísticos982302 aTransmision de calor - Automatizacion940051 aCircuitos electrónicos9172210aAmaya Contreras, Iván Mauricio4auteaut963762310aAraque Herrera, Andres4auteaut96376240 tIngeniería y Universidad (Bogotá)gVol. 15, No. 02, Jul.-Dic. 2011, p. 403-421w584087x0123-21260144261 cARIMP c595136d595136